000 00996nam0a22002771 4500
001 rc\4706734
005 20130416211926.6
021 _aRU
_b[57-61308]
035 _a(NLR Aleph) 008435439
090 _a9444132
_c9444132
100 _a20130416d1957 |||y0rusy50 ca
101 1 _arus
_cchi
102 _aRU
105 _ay z |||a|
200 1 _aМать и дочь
_eПьеса в 1 д.
_e[Пер. с кит.]
_fЛит. обработка М. Долинова
_g[Режиссерские примеч. А. Шатрина]
210 _aМосква
_cИскусство
_d1957
215 _a23 с.
_d20
225 1 _aРепертуар художественной самодеятельности
_v22
_iОдноактные пьесы
700 0 _aСу Гэн-фу
702 1 _aДолинов
_bМ. Е.
_gМорис Евсеевич
_4570
702 1 _aШатрин
_bА.
_4212
801 0 _aRU
_bNLR
_gpsbo
801 1 _aRU
_bELAR
_2rusmarc
852 _aNLR
_j58-4/284
942 _cBOOK
980 _aNB